| 000 | 01005cab a2200265 4500 | ||
|---|---|---|---|
| 001 | ABS58580 | ||
| 008 | 090401t1998 xxu||||| |||| 00| 0 eng d | ||
| 035 | _a(Sirsi) u85975 | ||
| 041 | _aeng | ||
| 100 | _aConcannon, P. | ||
| 245 | _aIntelligent houses are on the way | ||
| 260 | _c1998 | ||
| 350 | _a0 | ||
| 490 |
_aFaculty of Building Journal _v7(2) April 1998, 27-29(3) |
||
| 520 | _aExplanation of the INTEGER Intelligent and Green housing Project, set up to aid research into best practice techniques for new housing. Looks at technologies such as solar energy, water and computer control which may be included in the system. Work is expected to start on the first dwellings using these technologies towards the end of 1998. | ||
| 650 | _aGREEN HOUSING | ||
| 650 | _aMANAGEMENT-BUSINESS MANAGEMENT-INFORMATION MANAGEMENT | ||
| 650 | _aINTEGER | ||
| 650 | _aSECURITY | ||
| 650 | _aSOLAR ENERGY | ||
| 650 | _aWATER SUPPLY | ||
| 690 | _aHOUSING | ||
| 942 | _n0 | ||
| 948 | _c01/05/1998 | ||
| 999 |
_c54091 _d54091 |
||